000 00227nam a2200097 a 4500
008 111024s1984|||| d
245 1 0 _aRuskaja literatúra
260 _bMoskva
_aProsveščenie
_c1984
020 _c10
044 _aSR
999 _c19826
_d19826